| 000 | 00514nam a22001817a 4500 | ||
|---|---|---|---|
| 999 |
_c7781 _d7781 |
||
| 003 | OSt | ||
| 005 | 20220303121742.0 | ||
| 008 | 220303b ||||| |||| 00| 0 eng d | ||
| 020 | _a0521589754 | ||
| 040 | _cDDC | ||
| 082 | _a305.42BUL 1998 | ||
| 100 |
_aBulbeck, Chila _915852 |
||
| 245 |
_aRe- orienting western Feminisms _b: women's diversity in post colonial world |
||
| 260 |
_aNew york _b: Cambridge University _c, C1998 |
||
| 300 |
_axi, 270p. _c; 23 cm |
||
| 504 | _aBibliography Index | ||
| 942 |
_2ddc _cBOOK |
||